000 00632cam a22002293a 4500
001 16911
003 PGUSA
005 20140828083347.0
008 051019s2005||||xxu|||||s|||||000 | eng d
040 _aPGUSA
_beng
042 _adc
050 4 _aPR
100 1 _aRunciman, James,
_d1852-1891
245 1 4 _aThe Romance of the Coast
_h[electronic resource] /
_cJames Runciman
260 _bProject Gutenberg,
_c2005
506 _aPublic domain in the USA.
516 _aElectronic text
653 _aSea stories, English
830 0 _aProject Gutenberg
_v16911
856 4 0 _uhttp://www.gutenberg.org/ebooks/16911
942 _cEB
999 _c246166
_d246166